Marketing management (Record no. 82653)
[ view plain ]
| 000 -LEADER | |
|---|---|
| fixed length control field | 01172nam a2200229 a 4500 |
| 008 - FIXED-LENGTH DATA ELEMENTS--GENERAL INFORMATION | |
| fixed length control field | 120416s2004 ||||||||||||||||| || u |
| 020 ## - INTERNATIONAL STANDARD BOOK NUMBER | |
| International Standard Book Number | 0072552174 |
| 050 ## - LIBRARY OF CONGRESS CALL NUMBER | |
| Classification number | HF 5415.13 Pet |
| 100 ## - MAIN ENTRY--PERSONAL NAME | |
| Personal name | Peter, J. Paul |
| 245 10 - TITLE STATEMENT | |
| Title | Marketing management |
| 246 ## - | |
| -- | knowledge and skills |
| 250 ## - EDITION STATEMENT | |
| Edition statement | 7th edition |
| 260 ## - PUBLICATION, DISTRIBUTION, ETC. | |
| Place of publication, distribution, etc. | New York |
| Name of publisher, distributor, etc. | McGraw-Hill |
| Date of publication, distribution, etc. | 2004 |
| 300 ## - PHYSICAL DESCRIPTION | |
| Extent | xix,876p.; ill. |
| 350 ## - | |
| -- | 0.00 |
| 650 #0 - SUBJECT ADDED ENTRY--TOPICAL TERM | |
| Topical term or geographic name entry element | MARKETING--MANAGEMENT--CASE STUDIES |
| 650 ## - SUBJECT ADDED ENTRY--TOPICAL TERM | |
| Topical term or geographic name entry element | MARKETING--MANAGEMENT |
| 995 ## - | |
| -- | ANNEX COLLECTION (Main Library) |
| -- | 0.00 |
| -- | 736624 |
| -- | CBU-MAIN LIBRARY (Kitwe) |
| -- | 2 |
| -- | 40.00 |
| -- | HF 5415.13 Pet |
| -- | 2 |
| -- | AVAILABLE |
| -- | Jul 14, 2006 |
| -- | 40785 |
| -- | Annex Low-Usage Collection |
| 995 ## - | |
| -- | MAIN LIBRARY OPEN ACCESS |
| -- | 0.00 |
| -- | 736623 |
| -- | CBU-MAIN LIBRARY (Kitwe) |
| -- | 4 |
| -- | 40.00 |
| -- | HF 5415.13 Pet |
| -- | 4 |
| -- | AVAILABLE |
| -- | 40788 |
| -- | Main Library Open Access Collection |
| 995 ## - | |
| -- | MAIN LIBRARY OPEN ACCESS |
| -- | 0.00 |
| -- | 736622 |
| -- | CBU-MAIN LIBRARY (Kitwe) |
| -- | 1 |
| -- | 40.00 |
| -- | HF 5415.13 Pet |
| -- | 1 |
| -- | AVAILABLE |
| -- | 40789 |
| -- | Main Library Open Access Collection |
| 995 ## - | |
| -- | ANNEX COLLECTION (Main Library) |
| -- | 0.00 |
| -- | 736621 |
| -- | CBU-MAIN LIBRARY (Kitwe) |
| -- | 3 |
| -- | 40.00 |
| -- | HF 5415.13 Pet |
| -- | 3 |
| -- | AVAILABLE |
| -- | Jul 14, 2006 |
| -- | 40787 |
| -- | Annex Low-Usage Collection |
| 999 ## - | |
| -- | 82653 |
| -- | 82653 |
| Withdrawn status | Lost status | Source of classification or shelving scheme | Damaged status | Not for loan | Permanent Location | Current Location | Date acquired | Full call number | Barcode | Date last seen | Copy number | Price effective from | Koha item type | Shelving location | Total Checkouts |
|---|---|---|---|---|---|---|---|---|---|---|---|---|---|---|---|
| Withdrawn | CBU-MAIN LIBRARY, KITWE. | CBU-MAIN LIBRARY, KITWE. | 09/29/2023 | HF 5415.13 Pet | 40785 | 09/29/2023 | 1 | 09/29/2023 | MONOGRAPH | ||||||
| CBU-MAIN LIBRARY, KITWE. | CBU-MAIN LIBRARY, KITWE. | 09/29/2023 | HF 5415.13 Pet | 40788 | 09/29/2023 | 2 | 09/29/2023 | MONOGRAPH | |||||||
| CBU-MAIN LIBRARY, KITWE. | CBU-MAIN LIBRARY, KITWE. | 09/29/2023 | HF 5415.13 Pet | 40789 | 09/29/2023 | 3 | 09/29/2023 | MONOGRAPH | |||||||
| Withdrawn | CBU-MAIN LIBRARY, KITWE. | CBU-MAIN LIBRARY, KITWE. | 09/29/2023 | HF 5415.13 Pet | 40787 | 09/29/2023 | 4 | 09/29/2023 | MONOGRAPH |